| 000 | 00827nam a2200289 a 4500 | ||
|---|---|---|---|
| 001 | 26473 | ||
| 003 | CO-ViMGA | ||
| 008 | 141112s2004 ck r 000 u spa d | ||
| 020 | _a9789585835306 | ||
| 040 |
_aCO-ViMGA _bspa _cCO-ViMGA |
||
| 041 | _aSPA | ||
| 090 | _aN BER33 | ||
| 100 | 1 |
_aBernlef _941310 |
|
| 245 | 1 | 0 |
_aEntre brumas / _cBernelf ; traducción de Marta Arguilé Bernal |
| 250 | _a1a ed. | ||
| 260 |
_aBogotá : _bPlataforma, _c2014 |
||
| 300 | _a197 p. | ||
| 490 | _aNarrativa | ||
| 500 | _aTítulo original : Hersenschimmen. | ||
| 650 | 1 | 4 |
_aANCIANOS - NOVELA _916199 |
| 650 | 1 | 4 |
_aAUTORES HOLANDESES _9806 |
| 650 | 1 | 4 |
_aDEMENCIA - NOVELA _941311 |
| 650 | 1 | 4 |
_aENVEJECIMIENTO - NOVELA _941312 |
| 650 | 1 | 4 |
_aLITERATURA HOLANDESA _941313 |
| 700 | 1 |
_aArguilé Bernal, Marta _941314 |
|
| 942 |
_2ddc _cBK |
||
| 999 |
_c2437 _d2437 |
||